[Event "Vojens Autumn"]
[Site "Vojens"]
[Date "2016.09.12"]
[Round "3"]
[White "Nielsen, Michael"]
[Black "Larsson, Mogens K"]
[Result "0-1"]
[WhiteElo "2151"]
[BlackElo "1866"]
[PlyCount "78"]
[EventDate "2016.09.12"]
[EventType "swiss (rapid)"]
[EventRounds "7"]
[EventCountry "DEN"]
[SourceTitle "EXT 2024"]
[Source "ChessBase"]
[SourceDate "2023.10.10"]
[SourceVersion "1"]
[SourceVersionDate "2023.10.10"]
[SourceQuality "1"]

1. e4 Nf6 2. Nc3 d5 3. Bd3 d4 4. e5 dxc3 5. exf6 cxb2 6. Bxb2 exf6 7. Qe2+ Qe7 8. 0-0-0 Qxe2 9. Nxe2 Be6 10. Nc3 Bc5 11. Ne4 Bb6 12. Rde1 Nd7 13. f4 0-0-0 14. g4 Rhe8 15. f5 Bd5 16. Re2 Ne5 17. Bxe5 fxe5 18. Rhe1 f6 19. c4 Bc6 20. Bc2 Rd4 21. g5 Rxc4 22. gxf6 Bxe4 23. Rxe4 Rxe4 24. Rxe4 gxf6 25. Rh4 Bd4 26. Bb3 Kd7 27. Bd5 c6 28. Be6+ Kd6 29. Bf7 Re7 30. Bc4 e4 31. Rh6 Ke5 32. Rh4 b5 33. Bg8 h6 34. Rxh6 Kxf5 35. Bh7+ Ke5 36. d3 Be3+ 37. Kc2 Bxh6 38. Bxe4 Kd4 39. Bxc6 Rc7 0-1

[Event "Vojens Autumn"]
[Site "Vojens"]
[Date "2015.09.07"]
[Round "1"]
[White "Nielsen, Michael"]
[Black "Posselt, Karl"]
[Result "0-1"]
[WhiteElo "2151"]
[BlackElo "1500"]
[PlyCount "78"]
[EventDate "2015.09.07"]
[EventType "swiss (rapid)"]
[EventRounds "7"]
[EventCountry "DEN"]
[SourceTitle "EXT 2024"]
[Source "ChessBase"]
[SourceDate "2023.10.10"]
[SourceVersion "1"]
[SourceVersionDate "2023.10.10"]
[SourceQuality "1"]

1. d4 d5 2. Nc3 e6 3. e4 Nf6 4. e5 Nfd7 5. Qd3 c5 6. dxc5 Bxc5 7. Bf4 Qb6 8. 0-0-0 Bxf2 9. Nf3 0-0 10. Nd4 Bxd4 11. Qxd4 Nc6 12. Qe3 Ndxe5 13. Bb5 Qxe3+ 14. Bxe3 Rd8 15. Be2 d4 16. Bg5 f6 17. Ne4 fxg5 18. Nxg5 h6 19. Ne4 b6 20. Rhf1 Nb4 21. c3 Ba6 22. Ng3 dxc3 23. bxc3 Rdc8 24. Bxa6 Nxa6 25. Ne4 Nb4 26. Nd6 Rxc3+ 27. Kd2 Nxa2 28. Ra1 Rd3+ 29. Ke2 Nc3+ 30. Ke1 Rxd6 31. Rc1 Nd3+ 32. Kd2 Nxc1+ 33. Kxc1 Rc8 34. Rf2 Ne2+ 35. Kb2 Rd2+ 36. Kb3 Rc3+ 37. Kb4 Rb2+ 38. Ka4 b5+ 39. Ka5 Ra3# 0-1

[Event "Koge Niels Juel Cup"]
[Site "Koge"]
[Date "2013.04.25"]
[Round "7"]
[White "Nielsen, Michael"]
[Black "Karunanayake, Mauri"]
[Result "1-0"]
[WhiteElo "2176"]
[BlackElo "1614"]
[PlyCount "73"]
[EventDate "2013.04.20"]
[EventType "swiss"]
[EventRounds "10"]
[EventCountry "DEN"]
[SourceTitle "CBM 154 Extra"]
[Source "ChessBase"]
[SourceDate "2013.06.25"]
[SourceVersion "2"]
[SourceVersionDate "2013.06.25"]
[SourceQuality "1"]

1. c4 e6 2. g3 d5 3. Bg2 Nf6 4. Nf3 Be7 5. 0-0 0-0 6. b3 c6 7. Bb2 b6 8. e3 Ba6 9. Qc2 Nbd7 10. d3 Rc8 11. Nc3 h6 12. Ne1 Qc7 13. f4 dxc4 14. bxc4 Bc5 15. Qe2 Bb7 16. d4 Be7 17. e4 c5 18. d5 exd5 19. cxd5 c4 20. Rd1 Bc5+ 21. Kh1 Ba6 22. e5 Rfe8 23. Qf3 Nh7 24. Qg4 b5 25. a3 Qd8 26. Nf3 Nb6 27. Nh4 g6 28. Nxg6 fxg6 29. Qxg6+ Kh8 30. Ne4 Be7 31. d6 Rg8 32. dxe7 Qxe7 33. Qxh6 c3 34. Nxc3 Nc4 35. Nd5 Qg7 36. Qxg7+ Rxg7 37. Bd4 1-0

[Event "Koge Niels Juel Cup"]
[Site "Koge"]
[Date "2013.04.24"]
[Round "6"]
[White "Rosenkilde, Alexander"]
[Black "Nielsen, Michael"]
[Result "1-0"]
[WhiteElo "2247"]
[BlackElo "2176"]
[PlyCount "71"]
[EventDate "2013.04.20"]
[EventType "swiss"]
[EventRounds "10"]
[EventCountry "DEN"]
[SourceTitle "CBM 154 Extra"]
[Source "ChessBase"]
[SourceDate "2013.06.25"]
[SourceVersion "2"]
[SourceVersionDate "2013.06.25"]
[SourceQuality "1"]

1. d4 Nf6 2. c4 c5 3. d5 e6 4. Nc3 exd5 5. cxd5 d6 6. Nf3 g6 7. g3 Bg7 8. Bg2 0-0 9. 0-0 a6 10. a4 Nbd7 11. Nd2 Re8 12. h3 Rb8 13. Nc4 Ne5 14. Na3 Nh5 15. e4 Bd7 16. a5 Qxa5 17. g4 Nf6 18. f4 Nexg4 19. hxg4 Nxg4 20. f5 Ne5 21. Bg5 Qc7 22. f6 Bh8 23. Nc2 b5 24. Ne3 a5 25. Ne2 b4 26. Rf4 a4 27. Kh1 Bb5 28. Nc1 c4 29. Qg1 c3 30. b3 axb3 31. Nxb3 Ra8 32. Rxa8 Rxa8 33. Nd4 Qb6 34. Ng4 Bd7 35. Nh6+ Kf8 36. Ne6+ 1-0

[Event "Koge Niels Juel Cup"]
[Site "Koge"]
[Date "2013.04.22"]
[Round "4"]
[White "Dambrauskas, Virginijus A"]
[Black "Nielsen, Michael"]
[Result "1-0"]
[WhiteElo "2315"]
[BlackElo "2176"]
[PlyCount "107"]
[EventDate "2013.04.20"]
[EventType "swiss"]
[EventRounds "10"]
[EventCountry "DEN"]
[SourceTitle "CBM 154 Extra"]
[Source "ChessBase"]
[SourceDate "2013.06.25"]
[SourceVersion "2"]
[SourceVersionDate "2013.06.25"]
[SourceQuality "1"]

1. d4 Nf6 2. Nf3 g6 3. c4 Bg7 4. Nc3 d5 5. e3 c5 6. dxc5 Qa5 7. cxd5 Nxd5 8. Qxd5 Bxc3+ 9. Bd2 Bxd2+ 10. Qxd2 Qxd2+ 11. Nxd2 0-0 12. Be2 Rd8 13. Nb3 Nc6 14. 0-0 Be6 15. Rfd1 Nb4 16. Bf3 Rxd1+ 17. Rxd1 Rc8 18. Bxb7 Bxb3 19. axb3 Rxc5 20. Be4 f5 21. Bb1 e5 22. f3 Kf7 23. Kf2 Ke6 24. Ke2 a5 25. h4 h5 26. g3 Ke7 27. Rh1 Kf6 28. Rg1 Kf7 29. Rf1 Ke6 30. Rg1 Kf7 31. Bd3 Nxd3 32. Kxd3 Rd5+ 33. Kc4 Ke6 34. Rg2 e4 35. fxe4 fxe4 36. g4 Rd3 37. gxh5 gxh5 38. Rg3 Rd2 39. Rg6+ Ke7 40. Rg5 Rxb2 41. Rxa5 Kf6 42. Rxh5 Re2 43. Kd4 Rb2 44. Rb5 Rh2 45. h5 Rh4 46. b4 Ke7 47. Rc5 Kd6 48. b5 Rh1 49. Rg5 Rh4 50. Rg6+ Kc7 51. h6 Kb7 52. b6 Ka6 53. Ke5 Kb7 54. Kf6 1-0

[Event "Koge Niels Juel Cup"]
[Site "Koge"]
[Date "2013.04.20"]
[Round "1"]
[White "Nielsen, Michael"]
[Black "Narciso Dublan, Marc"]
[Result "1/2-1/2"]
[WhiteElo "2176"]
[BlackElo "2551"]
[PlyCount "132"]
[EventDate "2013.04.20"]
[EventType "swiss"]
[EventRounds "10"]
[EventCountry "DEN"]
[SourceTitle "CBM 154 Extra"]
[Source "ChessBase"]
[SourceDate "2013.06.25"]
[SourceVersion "2"]
[SourceVersionDate "2013.06.25"]
[SourceQuality "1"]

1. c4 e5 2. g3 Bc5 3. Bg2 Nc6 4. Nc3 Nge7 5. d3 0-0 6. Nf3 d6 7. 0-0 a6 8. a3 Ba7 9. b4 Bf5 10. e3 Qd7 11. d4 exd4 12. Nxd4 Bh3 13. Bb2 Bxg2 14. Kxg2 Nxd4 15. exd4 Qc6+ 16. Qf3 Qxf3+ 17. Kxf3 Bxd4 18. Nd5 Bxb2 19. Nxe7+ Kh8 20. Rab1 Be5 21. Rfe1 Rae8 22. Nd5 c6 23. Ne3 f5 24. Kg2 Kg8 25. b5 Bd4 26. bxc6 bxc6 27. Nc2 Bc5 28. Nb4 Rxe1 29. Rxe1 Bxb4 30. axb4 Rb8 31. Re6 Rxb4 32. Rxd6 Rxc4 33. Rd8+ Kf7 34. Ra8 Re4 35. Rxa6 Re6 36. h4 c5 37. Ra5 Rc6 38. Kf3 Rc7 39. Ke3 Ke6 40. Kd3 Kd5 41. Ra8 c4+ 42. Kc3 Ke4 43. Ra2 Kf3 44. Rd2 f4 45. gxf4 Kxf4 46. Rd4+ Kf3 47. Rd2 h5 48. Rd5 Kg4 49. Rd4+ Kh3 50. Rf4 Rc6 51. Rf7 g6 52. Rf4 Kg2 53. Rf7 Kh3 54. Rf4 Rc5 55. Rf6 Kxh4 56. Rxg6 Kh3 57. f4 h4 58. Rg5 Rc6 59. f5 Kh2 60. Rg6 Rc5 61. f6 h3 62. Rg7 Rf5 63. f7 Rf4 64. Kb4 Kh1 65. Kc3 h2 66. Kb4 Rxf7 1/2-1/2

[Event "DEN-ch G7-A op"]
[Site "Helsingor"]
[Date "2013.04.01"]
[Round "7"]
[White "Nielsen, Michael"]
[Black "Klifoth, Kurt"]
[Result "0-1"]
[WhiteElo "2101"]
[BlackElo "2129"]
[PlyCount "164"]
[EventDate "2013.03.26"]
[EventType "swiss"]
[EventRounds "7"]
[EventCountry "DEN"]
[SourceTitle "EXT 2014"]
[Source "ChessBase"]
[SourceDate "2013.11.20"]
[SourceVersion "1"]
[SourceVersionDate "2013.11.20"]
[SourceQuality "1"]

1. d4 Nf6 2. Bg5 g6 3. Bxf6 exf6 4. e3 d5 5. c4 c6 6. Nc3 Be6 7. cxd5 Bxd5 8. Nf3 f5 9. Bd3 Bg7 10. 0-0 Be6 11. b4 0-0 12. Na4 Nd7 13. Qc2 Bd5 14. a3 Bxf3 15. gxf3 f4 16. Kh1 Qh4 17. Rae1 Rad8 18. Rg1 Qh3 19. Qd1 Rfe8 20. Nc3 Nb6 21. Rg4 f5 22. Rg5 Kh8 23. Bf1 Qh4 24. Rg2 Qh6 25. Qd2 Bf6 26. Nd1 Re7 27. Nc3 Qg7 28. Qc1 Qf7 29. Ne2 fxe3 30. fxe3 Nd5 31. Nc3 Nxc3 32. Qxc3 f4 33. Bc4 Qg7 34. Rge2 Qh6 35. Qc1 Qh3 36. Rf1 Rde8 37. e4 Bxd4 38. Rg2 Be5 39. Rff2 Rd8 40. Bf1 Qh5 41. Rd2 Bd4 42. Qd1 Red7 43. Bc4 Qe5 44. Rd3 b6 45. Rgd2 c5 46. Bd5 Re7 47. bxc5 bxc5 48. Rb3 Kg7 49. Bc4 Rb8 50. Qc2 Reb7 51. Rdd3 Qg5 52. Qg2 Qh4 53. Qe2 Qe7 54. Qc2 h5 55. Bd5 Rb6 56. a4 Rd8 57. a5 Rbd6 58. Bc4 Kh6 59. a6 g5 60. Rb7 R8d7 61. Rdb3 g4 62. Rxd7 Rxd7 63. Qg2 Be3 64. Bd5 c4 65. Rb7 Qa3 66. Qf1 Rd6 67. Qb1 gxf3 68. Rb8 Qc1+ 69. Qxc1 Bxc1 70. Rc8 Rxa6 71. Rxc4 Ra1 72. h4 Be3+ 73. Kh2 f2 74. Rc6+ Kg7 75. Rc7+ Kf6 76. e5+ Kxe5 77. Bg2 f1Q 78. Bxf1 Rxf1 79. Kh3 Ra1 80. Rh7 Ke4 81. Rf7 Kf3 82. Rxf4+ Kxf4 0-1

[Event "Copenhagen K41 Sommer A"]
[Site "Copenhagen"]
[Date "2012.06.16"]
[Round "5"]
[White "Nielsen, Michael"]
[Black "Kragh, Niels Kristian"]
[Result "0-1"]
[WhiteElo "2065"]
[BlackElo "2084"]
[PlyCount "64"]
[EventDate "2012.05.17"]
[EventType "tourn"]
[EventRounds "5"]
[EventCountry "DEN"]
[SourceTitle "EXT 2023"]
[Source "ChessBase"]
[SourceDate "2022.10.05"]
[SourceVersion "1"]
[SourceVersionDate "2022.10.05"]
[SourceQuality "1"]

1. d4 f5 2. b3 Nf6 3. Bb2 e6 4. Nf3 b6 5. e3 Bb7 6. Bd3 Bxf3 7. Qxf3 d5 8. h3 g6 9. g4 Bg7 10. Ba3 c5 11. gxf5 0-0 12. fxg6 Ne4 13. Qh5 hxg6 14. Qxg6 Qh4 15. Bxe4 Qxf2+ 16. Kd1 dxe4 17. Rg1 Qf3+ 18. Kc1 Qxe3+ 19. Nd2 Qxd4 20. Rb1 e3 21. Nc4 e2 22. Nd2 Qe5 23. Re1 Nc6 24. Bb2 Rf1 25. Bxe5 Rxe1+ 26. Kb2 Rxb1+ 27. Ka3 Nxe5 28. Qxe6+ Kh8 29. Qd5 Rf8 30. Nf3 Rxf3 31. Qd8+ Rf8 32. Qh4+ Kg8 0-1

[Event "Copenhagen K41 Sommer A"]
[Site "Copenhagen"]
[Date "2012.05.31"]
[Round "3"]
[White "Nielsen, Michael"]
[Black "Morkore, Thomas"]
[Result "1/2-1/2"]
[WhiteElo "2065"]
[BlackElo "2048"]
[PlyCount "79"]
[EventDate "2012.05.17"]
[EventType "tourn"]
[EventRounds "5"]
[EventCountry "DEN"]
[SourceTitle "EXT 2023"]
[Source "ChessBase"]
[SourceDate "2022.10.05"]
[SourceVersion "1"]
[SourceVersionDate "2022.10.05"]
[SourceQuality "1"]

1. d4 d5 2. g3 Nf6 3. Bg2 c6 4. Nf3 Bg4 5. Ne5 Bh5 6. a4 e6 7. 0-0 Bd6 8. Nd3 Nbd7 9. Bf4 Qc7 10. Bxd6 Qxd6 11. Ra3 0-0 12. Nd2 e5 13. dxe5 Nxe5 14. Nf4 Bg6 15. Nxg6 hxg6 16. f4 Neg4 17. e3 Rfe8 18. Re1 Rad8 19. h3 Nh6 20. g4 Ne4 21. Nxe4 dxe4 22. Qxd6 Rxd6 23. Kf2 f5 24. Rb3 Re7 25. Rb4 fxg4 26. Rxe4 Rxe4 27. Bxe4 gxh3 28. Bd3 Nf7 29. Rh1 g5 30. Rxh3 gxf4 31. exf4 Rd4 32. Re3 Kf8 33. Re4 Rxe4 34. Bxe4 Nd6 35. Bd3 c5 36. Ke3 Ke7 37. b3 Kf6 38. c3 g5 39. fxg5+ Kxg5 40. Be2 1/2-1/2

[Event "Valby K41 Autumn-A"]
[Site "Valby"]
[Date "2010.10.05"]
[Round "5"]
[White "Nielsen, Michael"]
[Black "Jorgensen, Kasper Moller"]
[Result "1/2-1/2"]
[WhiteElo "2060"]
[BlackElo "2043"]
[PlyCount "80"]
[EventDate "2010.09.07"]
[EventType "tourn"]
[EventRounds "7"]
[EventCountry "DEN"]
[SourceTitle "EXT 2023"]
[Source "ChessBase"]
[SourceDate "2022.10.05"]
[SourceVersion "1"]
[SourceVersionDate "2022.10.05"]
[SourceQuality "1"]

1. d4 Nf6 2. Bg5 Ne4 3. Bf4 d5 4. Nd2 Bf5 5. Ngf3 e6 6. e3 Be7 7. Nxe4 Bxe4 8. Bd3 Bxd3 9. Qxd3 Nd7 10. c3 c6 11. h3 a5 12. 0-0 0-0 13. b3 Qb6 14. Rfd1 h6 15. c4 a4 16. Rab1 a3 17. c5 Qa6 18. b4 b5 19. Rb3 Ra7 20. Nd2 Bf6 21. Bd6 Rfa8 22. f4 Qb7 23. g4 Nf8 24. Bxf8 Rxf8 25. Nf3 Qc7 26. Rf1 g5 27. Ne5 gxf4 28. exf4 Bg7 29. Re1 f5 30. Qg3 Kh7 31. g5 Bxe5 32. g6+ Kg7 33. fxe5 Qe7 34. h4 f4 35. Qh3 Kxg6 36. Rf1 Kh7 37. Rbf3 Qg7+ 38. Kh2 Qg6 39. h5 Qf5 40. R1f2 Raf7 1/2-1/2

[Event "Valby K41 Autumn-A"]
[Site "Valby"]
[Date "2010.09.14"]
[Round "2"]
[White "Jorgensen, Rasmus"]
[Black "Nielsen, Michael"]
[Result "0-1"]
[WhiteElo "2091"]
[BlackElo "2060"]
[PlyCount "68"]
[EventDate "2010.09.07"]
[EventType "tourn"]
[EventRounds "7"]
[EventCountry "DEN"]
[SourceTitle "EXT 2023"]
[Source "ChessBase"]
[SourceDate "2022.10.05"]
[SourceVersion "1"]
[SourceVersionDate "2022.10.05"]
[SourceQuality "1"]

1. e4 c5 2. Nc3 d6 3. f4 Nc6 4. Nf3 g6 5. Be2 Bg7 6. 0-0 Bg4 7. Kh1 e6 8. e5 d5 9. Nb5 Bf8 10. b3 Nh6 11. Bb2 Nf5 12. c4 a6 13. Nc3 Bg7 14. cxd5 exd5 15. Qe1 b6 16. h3 h5 17. Nxd5 Qxd5 18. Bc4 Bxf3 19. Bxd5 Bxd5 20. Kg1 h4 21. Bc3 0-0 22. Qf2 Rfd8 23. Rfe1 Be6 24. a3 Ncd4 25. Bxd4 Rxd4 26. b4 Bf8 27. Qf3 Bd5 28. Qe2 cxb4 29. axb4 Bxb4 30. Red1 Bc5 31. Kh2 a5 32. Rac1 a4 33. Rc3 a3 34. d3 a2 0-1

[Event "Valby K41 Spring"]
[Site "Valby"]
[Date "2010.04.06"]
[Round "4"]
[White "Nielsen, Michael"]
[Black "Christensen, Esben"]
[Result "1/2-1/2"]
[WhiteElo "2054"]
[BlackElo "2059"]
[PlyCount "75"]
[EventDate "2010.03.16"]
[EventType "tourn"]
[EventRounds "7"]
[EventCountry "DEN"]
[SourceTitle "EXT 2018"]
[Source "ChessBase"]
[SourceDate "2017.10.13"]
[SourceVersion "1"]
[SourceVersionDate "2017.10.13"]
[SourceQuality "1"]

1. e4 c5 2. b4 cxb4 3. a3 e6 4. axb4 Bxb4 5. c3 Bf8 6. d4 d5 7. e5 Ne7 8. Na3 Bd7 9. Bd3 Qc7 10. Ne2 h5 11. 0-0 Bc6 12. c4 Na6 13. Nc3 Nc8 14. cxd5 exd5 15. e6 fxe6 16. Bg6+ Kd8 17. Nab5 Qd7 18. Qe2 Nd6 19. Nxd6 Bxd6 20. f4 Qe7 21. Nb5 Bb4 22. Be3 Qf6 23. f5 Nc7 24. Nxc7 Kxc7 25. Bf4+ Bd6 26. Be5 Bxe5 27. dxe5 Qg5 28. h4 Qxh4 29. fxe6 Raf8 30. Qe3 d4 31. Qa3 Rxf1+ 32. Rxf1 Qg5 33. Qd6+ Kc8 34. Rf8+ Rxf8 35. Qxf8+ Kc7 36. Qd6+ Kc8 37. Qf8+ Kc7 38. Qd6+ 1/2-1/2

[Event "Valby K41 Spring"]
[Site "Valby"]
[Date "2010.03.16"]
[Round "2"]
[White "Nielsen, Michael"]
[Black "Nielsen, Leonard de Freitas"]
[Result "1-0"]
[WhiteElo "2054"]
[BlackElo "1929"]
[PlyCount "119"]
[EventDate "2010.03.16"]
[EventType "tourn"]
[EventRounds "7"]
[EventCountry "DEN"]
[SourceTitle "EXT 2018"]
[Source "ChessBase"]
[SourceDate "2017.10.13"]
[SourceVersion "1"]
[SourceVersionDate "2017.10.13"]
[SourceQuality "1"]

1. e4 e5 2. Bc4 Nf6 3. Nc3 Nc6 4. d3 Na5 5. Bg5 Nxc4 6. dxc4 Be7 7. Nf3 d6 8. Qd3 Be6 9. 0-0-0 h6 10. Bxf6 Bxf6 11. c5 dxc5 12. Qb5+ Bd7 13. Qxc5 b6 14. Qd5 c6 15. Qd6 Qe7 16. Qc7 Qd8 17. Qb7 Rc8 18. Qxa7 Qc7 19. Qxc7 Rxc7 20. Na4 Rb7 21. Rd3 Ke7 22. Rhd1 Be6 23. b3 Rhb8 24. Rd6 Rc8 25. Kb1 Ke8 26. R6d3 Rcc7 27. h3 Rb8 28. Nh2 Be7 29. Ng4 f6 30. Ne3 g6 31. c4 b5 32. cxb5 Rxb5 33. Rc1 Rd7 34. Rdc3 Rd2 35. R1c2 Rxc2 36. Kxc2 Kd7 37. Nb2 f5 38. f3 Rb4 39. Nd3 Rb5 40. a4 Ra5 41. Nc4 Bxc4 42. Rxc4 fxe4 43. Rxe4 Bd6 44. Rg4 g5 45. Rc4 c5 46. Nf2 Ke6 47. Ne4 Be7 48. Nf2 Bd6 49. Kd3 Be7 50. Re4 Bd6 51. Kc4 Ra7 52. Nd3 Rc7 53. Re3 Rc8 54. g3 Rc7 55. f4 gxf4 56. gxf4 e4 57. Rxe4+ Kf5 58. Re8 Be7 59. a5 Rd7 60. Nxc5 1-0

[Event "Valby K41 Spring"]
[Site "Valby"]
[Date "2010.03.09"]
[Round "1"]
[White "Skjoldager, Mikael"]
[Black "Nielsen, Michael"]
[Result "0-1"]
[WhiteElo "1896"]
[BlackElo "2054"]
[PlyCount "64"]
[EventDate "2010.03.16"]
[EventType "tourn"]
[EventRounds "7"]
[EventCountry "DEN"]
[SourceTitle "EXT 2018"]
[Source "ChessBase"]
[SourceDate "2017.10.13"]
[SourceVersion "1"]
[SourceVersionDate "2017.10.13"]
[SourceQuality "1"]

1. e4 c6 2. d4 d5 3. Nc3 dxe4 4. Nxe4 Nf6 5. Nxf6+ gxf6 6. c3 Bf5 7. Nf3 e6 8. g3 Be4 9. Bg2 f5 10. 0-0 Rg8 11. Ne5 Bxg2 12. Qh5 Qf6 13. Kxg2 Nd7 14. Bf4 Be7 15. Qf3 Rd8 16. Rad1 Qg7 17. Rfe1 Bg5 18. Nxd7 Rxd7 19. Be5 Qg6 20. c4 Be7 21. d5 cxd5 22. cxd5 Qg4 23. Qc3 Bb4 24. Qc8+ Rd8 25. Qc7 Rd7 26. Qc8+ Rd8 27. Qxb7 Bxe1 28. Qc6+ Ke7 29. Qc5+ Ke8 30. Qc6+ Rd7 31. dxe6 Qxd1 32. Qc8+ Rd8 0-1

[Event "Taastrup Spil Naar Du Vil 1st"]
[Site "Taastrup"]
[Date "2006.04.06"]
[Round "2"]
[White "Andersen, Daniel"]
[Black "Nielsen, Michael"]
[Result "0-1"]
[WhiteElo "1841"]
[BlackElo "2054"]
[PlyCount "30"]
[EventDate "2006.03.30"]
[EventType "swiss"]
[EventRounds "9"]
[EventCountry "DEN"]
[SourceTitle "EXT 2023"]
[Source "ChessBase"]
[SourceDate "2022.10.05"]
[SourceVersion "1"]
[SourceVersionDate "2022.10.05"]
[SourceQuality "1"]

1. c4 g6 2. g3 e5 3. Bg2 Bg7 4. Nc3 d6 5. e3 Nc6 6. Nge2 Be6 7. Nd5 f5 8. d3 Nf6 9. Rb1 0-0 10. b4 e4 11. dxe4 fxe4 12. Nec3 Nxd5 13. Nxd5 Ne5 14. 0-0 Nf3+ 15. Kh1 c6 0-1

[Event "Taastrup Quick Weekend 3rd A"]
[Site "Taastrup"]
[Date "2006.04.03"]
[Round "4"]
[White "Andersen, Daniel"]
[Black "Nielsen, Michael"]
[Result "0-1"]
[WhiteElo "1841"]
[BlackElo "2054"]
[PlyCount "46"]
[EventDate "2006.04.02"]
[EventType "tourn"]
[EventRounds "5"]
[EventCountry "DEN"]
[SourceTitle "EXT 2023"]
[Source "ChessBase"]
[SourceDate "2022.10.05"]
[SourceVersion "1"]
[SourceVersionDate "2022.10.05"]
[SourceQuality "1"]

1. c4 f5 2. g3 Nf6 3. Bg2 e6 4. d4 d5 5. Nf3 Bd6 6. 0-0 c6 7. b3 Qe7 8. a4 a5 9. Ba3 Bxa3 10. Nxa3 Nbd7 11. Nb1 0-0 12. Nc3 Ne4 13. Rc1 b6 14. Ne5 Nxe5 15. dxe5 Bb7 16. cxd5 exd5 17. Qd4 c5 18. Qd3 Qxe5 19. f4 Qe6 20. Rfd1 Rad8 21. Bh3 Nxc3 22. Rxc3 d4 23. Rcc1 Qc6 0-1

[Event "Copenhagen K41 Weekend 1st"]
[Site "Copenhagen"]
[Date "2006.02.19"]
[Round "5"]
[White "Jensen, Kim Roper"]
[Black "Nielsen, Michael"]
[Result "1/2-1/2"]
[WhiteElo "1941"]
[BlackElo "2034"]
[PlyCount "70"]
[EventDate "2006.02.17"]
[EventType "tourn"]
[EventRounds "5"]
[EventCountry "DEN"]
[SourceTitle "EXT 2023"]
[Source "ChessBase"]
[SourceDate "2022.10.05"]
[SourceVersion "1"]
[SourceVersionDate "2022.10.05"]
[SourceQuality "1"]

1. d4 e6 2. c4 b6 3. Nf3 Bb7 4. Nc3 Nf6 5. g3 Bb4 6. Bg2 0-0 7. 0-0 Re8 8. Qc2 c6 9. Bg5 d5 10. Ne5 Be7 11. Rfd1 Nbd7 12. e4 Rc8 13. Rac1 h6 14. Nxd7 Nxd7 15. Bxe7 Qxe7 16. cxd5 cxd5 17. exd5 exd5 18. Qa4 a5 19. Bxd5 Nf6 20. Bxb7 Qxb7 21. Qb3 Rcd8 22. d5 Re5 23. d6 Ng4 24. Nb5 Nxh2 25. Rd3 a4 26. Qd1 Rxb5 27. Kxh2 g6 28. Rc7 Qe4 29. Re7 Rh5+ 30. Qxh5 Qxd3 31. Qe5 Qf5 32. Qd4 Qc5 33. Qf4 Qh5+ 34. Kg1 Qd1+ 35. Kh2 Qh5+ 1/2-1/2

[Event "Copenhagen K41 Weekend 1st"]
[Site "Copenhagen"]
[Date "2006.02.17"]
[Round "1"]
[White "Gjedde, Thomas"]
[Black "Nielsen, Michael"]
[Result "0-1"]
[WhiteElo "1896"]
[BlackElo "2034"]
[PlyCount "106"]
[EventDate "2006.02.17"]
[EventType "tourn"]
[EventRounds "5"]
[EventCountry "DEN"]
[SourceTitle "EXT 2023"]
[Source "ChessBase"]
[SourceDate "2022.10.05"]
[SourceVersion "1"]
[SourceVersionDate "2022.10.05"]
[SourceQuality "1"]

1. d4 f5 2. Nf3 Nf6 3. c4 e6 4. Nc3 d5 5. Bg5 c6 6. e3 Bd6 7. Bd3 0-0 8. 0-0 Qe8 9. Qe2 Ne4 10. Bf4 Bb4 11. Rac1 Nd7 12. Ne5 Bd6 13. Nxd7 Qxd7 14. Bxd6 Qxd6 15. cxd5 exd5 16. f3 Nf6 17. Qf2 Bd7 18. Qh4 Rae8 19. Rce1 g6 20. h3 Rf7 21. g4 f4 22. Kg2 Rxe3 23. Rxe3 fxe3 24. Ne2 Ne8 25. a3 Ng7 26. f4 c5 27. dxc5 Qxc5 28. Rc1 Qe7 29. Qxe7 Rxe7 30. Kf3 Bc6 31. Nd4 Ne6 32. Nxc6 bxc6 33. Kxe3 Nc5+ 34. Kd2 Nb3+ 35. Kc2 Nxc1 36. Kxc1 Re3 37. Kd2 Rxh3 38. f5 gxf5 39. Bxf5 Kg7 40. Bd7 Rh6 41. Kd3 Kf8 42. Kd4 Ke7 43. Bf5 Kd6 44. b4 Rh4 45. Kc3 h6 46. Kb3 Rh3+ 47. Ka4 Rf3 48. Bc8 d4 49. Ba6 Rc3 50. b5 cxb5+ 51. Kb4 Rc6 52. Bb7 Rc7 53. Be4 Ke5 0-1

[Event "Copenhagen K41 Aabent-ch 0506"]
[Site "Copenhagen"]
[Date "2006.01.10"]
[Round "5"]
[White "Madsen, Poul Henrik"]
[Black "Nielsen, Michael"]
[Result "1/2-1/2"]
[WhiteElo "2026"]
[BlackElo "2034"]
[PlyCount "142"]
[EventDate "2005.11.15"]
[EventType "swiss"]
[EventRounds "9"]
[EventCountry "DEN"]
[SourceTitle "EXT 2023"]
[Source "ChessBase"]
[SourceDate "2022.10.05"]
[SourceVersion "1"]
[SourceVersionDate "2022.10.05"]
[SourceQuality "1"]

1. d4 f5 2. g3 Nf6 3. Bg2 e6 4. Nf3 d5 5. 0-0 Bd6 6. c4 c6 7. Nc3 0-0 8. Bf4 Bxf4 9. gxf4 Bd7 10. Qb3 Qc7 11. Ne5 Be8 12. Rfc1 Qb6 13. c5 Qxb3 14. axb3 Na6 15. e3 Nc7 16. Bf1 Nd7 17. Nf3 Bh5 18. Nd2 h6 19. Be2 Bxe2 20. Nxe2 Kf7 21. f3 g5 22. Kf2 Rg8 23. Rg1 Rg7 24. Rg3 Na6 25. Ra4 Nf6 26. Nc1 gxf4 27. Rxg7+ Kxg7 28. exf4 Nc7 29. Nd3 Nd7 30. Ra1 Nb5 31. Ke3 Kf7 32. Rg1 Rg8 33. Rg3 Rxg3 34. hxg3 h5 35. b4 Kg6 36. Nb3 b6 37. Nf2 Kf6 38. Nh3 Nb8 39. Nf2 Nd7 40. Ke2 Kg6 41. Kf1 Nc7 42. Na1 Ne8 43. Nc2 Nef6 44. b5 Nb8 45. bxc6 Nxc6 46. b4 b5 47. Nd3 Nd7 48. Kf2 a6 49. Ke3 Kf6 50. Nf2 Ndb8 51. Kd3 Ke7 52. Kc3 Kf6 53. Ne3 Nd7 54. Ng2 Ndb8 55. Nh4 Ne7 56. Nd3 Nbc6 57. Ne5 Nxe5 58. fxe5+ Kg5 59. Ng2 Nc6 60. Nf4 Nd8 61. c6 Nxc6 62. Nxe6+ Kg6 63. Nf4+ Kg5 64. Nxd5 a5 65. bxa5 Nxa5 66. Nc7 f4 67. Ne6+ Kf5 68. Nxf4 h4 69. Ng2 hxg3 70. Kb4 Nc6+ 71. Kc5 b4 1/2-1/2

[Event "Copenhagen K41 Aabent-ch 0506"]
[Site "Copenhagen"]
[Date "2006.01.03"]
[Round "4"]
[White "Nielsen, Michael"]
[Black "Thygesen, Morten"]
[Result "1-0"]
[WhiteElo "2034"]
[BlackElo "1879"]
[PlyCount "61"]
[EventDate "2005.11.15"]
[EventType "swiss"]
[EventRounds "9"]
[EventCountry "DEN"]
[SourceTitle "EXT 2023"]
[Source "ChessBase"]
[SourceDate "2022.10.05"]
[SourceVersion "1"]
[SourceVersionDate "2022.10.05"]
[SourceQuality "1"]

1. d4 d5 2. Bf4 c5 3. c3 Nc6 4. e3 Nf6 5. Bd3 e6 6. Nf3 Bd6 7. Bg3 cxd4 8. exd4 Nh5 9. Qd2 Nxg3 10. hxg3 Qf6 11. Na3 a6 12. Nc2 h5 13. Ne3 g6 14. Qe2 Ne7 15. 0-0-0 b5 16. Kb1 Bb7 17. g4 Bf4 18. gxh5 gxh5 19. Nc2 Kd7 20. g3 Bd6 21. Ne5+ Bxe5 22. dxe5 Qg7 23. Nd4 Bc6 24. Qe3 Ng6 25. f4 Ne7 26. Nb3 Qg4 27. Be2 Qg6+ 28. Bd3 Qg4 29. Na5 Kc7 30. Qc5 Kd7 31. Qd6+ 1-0

[Event "Krakow op-A"]
[Site "Krakow"]
[Date "2005.12.28"]
[Round "2"]
[White "Zubarev, Alexander2222"]
[Black "Nielsen, Michael"]
[Result "1-0"]
[WhiteElo "2505"]
[BlackElo "2165"]
[PlyCount "37"]
[EventDate "2005.12.27"]
[EventType "swiss"]
[EventRounds "9"]
[EventCountry "POL"]
[SourceTitle "CBM 110 Extra"]
[Source "ChessBase"]
[SourceDate "2006.03.10"]
[SourceVersion "2"]
[SourceVersionDate "2006.03.10"]
[SourceQuality "1"]

1. e4 c5 2. Nf3 d6 3. d4 cxd4 4. Nxd4 Nf6 5. Nc3 g6 6. Be3 Bg7 7. f3 0-0 8. Qd2 Nc6 9. 0-0-0 d5 10. Nxc6 bxc6 11. Bh6 Bxh6 12. Qxh6 Qa5 13. e5 Ne8 14. h4 Ng7 15. g4 Qb4 16. h5 gxh5 17. gxh5 Ne6 18. Rg1+ Kh8 19. Rg4 1-0